| 000 | 00503 a2200181 4500 | ||
|---|---|---|---|
| 003 | OSt | ||
| 005 | 20260310120946.0 | ||
| 008 | 260310b |||||||| |||| 00| 0 eng d | ||
| 020 | _a9789390905874 | ||
| 040 | _coclc | ||
| 082 |
_a921 _bPOO/O |
||
| 100 |
_aPoonthanam, Sheeja _910636 |
||
| 245 |
_aOttayal Nayakan / _cSheeja Poonthanam |
||
| 250 | _a1st ed. | ||
| 260 |
_bNehru group of Institutions, _c2024. |
||
| 300 | _a144 pages | ||
| 942 |
_2ddc _cBK _h921 _iPOO/O _k921 _mPOO/O |
||
| 999 |
_c44722 _d44722 |
||